000 00361nam a22001457a 4500
003 OSt
005 20160727222339.0
008 160618b xxu||||| |||| 00| 0 eng d
040 _cTEST
100 _949
_aShook, B
245 _aA House For Mouse
_bA House For Mouse
260 _aN.Y
_b Reader's Digest Children
_c2000
300 _aA House For Mouse
942 _2ddc
_cBK
999 _c42
_d42